Gülten Akın'ın şiiri (Kayıt no. 3410)

MARC ayrıntıları
000 -BAŞLIK
Sabit Uzunlukta Kontrol Alanı 00630na a2200229 4500
001 - KONTROL NUMARASI
Denetim Alanı 23022
003 - KONTROL NUMARASI IDENTIFIER
Denetim Alanı MIRAKIL
005 - SON İŞLEM TARİHİ VE ZAMANI
Denetim Alanı 20181213154930.0
008 - SABİT-BOY VERİ ELEMANLARI - GENEL BİLGİLER
Sabit Uzunlukta Kontrol Alanı 170504b tu 000 0
020 ## - ULUSLARARASI STANDART KİTAP NUMARASI
Uluslararası Standart Kitap Numarası 9786054938766
040 ## - KATALOGLAMA KAYNAK
Orijinal Kataloglama Ajansı Milas
Kataloglama Dili tur
Metne Dönüştürmek Ajansı TR-AnCHP
041 ## - DİL KODU
Metin / Ses Parça Veya Ayrı Başlığın Dil Kodu tur
082 ## - DEWEY ONLU SINIFLANDIRMA NUMARASI
Sınıflandırma Numarası 811.42092
Ürün Numarası M87g 2015
090 ## - SINIFLAMA NUMARASI
Sınıflama Numarası 811.42092 M87g 2015
100 ## - ANA GİRİŞ - KİŞİSEL İSİM
Kişisel Ad Mutlu, Betül
245 ## - BAŞLIK TABLOSU
Başlık Gülten Akın'ın şiiri
Sorumluluk Tablosu, Vb Betül Mutlu
260 ## - YAYIN, DAĞITIM, VB
Yayın, Dağıtım, Vb Yeri Ankara
Yayıncı, Dağıtıcı, Vs Adı Ürün Yayınları
Yayın, Dağıtım, Vb Tarihi 2015
Üretici Firma Sarıyıldız ofset
300 ## - FİZİKSEL TANIM
Kapsam 496 s.
Diğer Fiziksel Ayrıntıları fotğ.
Boyutlar 21 sm.
504 ## - KAYNAKÇA VB NOT
Kaynakça Vb Notu Dizin var.
610 ## - KONU KATMA GİRİŞ - TOPLANTI ADI
Giriş Elemanı Olarak Kurumsal Ad Veya Yargı Alanı Adı Türk Edebiyatı
Genel Alt Bölüm Şiir
Kronolojik Alt Bölüm İnceleme
942 ## - EKLENDİ GİRİŞ ELEMANLARI (KOHA)
Sınıflandırma Veya Raf Düzeni Kaynak
Koha Öğesi Türü Kitaplar
999 ## - SİSTEM KONTROL NUMARALARI (KOHA)
Koha Biblionumber 3410
Koha Biblioitemnumber 3410
Mevcut
Kalıcı Konum Mevcut Konum Edinme Tarihi Edinim Kaynak Toplam Check-Out'Lar Tam Çağrı Numarası Barkod Tarih Son Görülme İtibaren Geçerli Fiyatlar Koha Öğesi Türü
CHP Kütüphanesi CHP Kütüphanesi 05/04/2017 Bağış   811.42092 M87g 2015 016972 05/04/2017 05/04/2017 Kitaplar